000 00726cam a2200205 i 4500
005 20251108173511.0
008 250721s2006 jo gr 000 0 ara d
082 1 4 _a155.4
_bج ب ا
100 1 _aالجبالي، حمزة
_eمؤلف.
245 1 0 _aمشاكل الطفل و المراهق النفسية /
_cتأليف حمزة الجبالي.
250 _aالاولى.
264 1 _aعمان :
_bدار أسامة للنشرو التوزيع،
_c2006.
300 _a232 صفحة.
650 1 7 _aالمشاكل الإجتماعية.
650 1 7 _aالأطفال.
650 1 7 _aرعاية الطفولة.
650 1 7 _aسيكولوجية الطفولة.
942 _2ddc
_cBK
999 _c105401
_d105401